| 000 | 00451cam a2200181ua 4500 | ||
|---|---|---|---|
| 020 | _c3.00 | ||
| 041 |
_ahin _h |
||
| 082 |
_a891.54 _bLAL/HI |
||
| 100 | _aLaldhar Tripadi, . | ||
| 245 |
_aHindi spusht roop mem / _cLaldhar tripadi. _hTextual Documents |
||
| 250 |
_a1 / _b. |
||
| 260 |
_aVaranasi : _bHindi Pracharak Pusthakalayam , _c1951. |
||
| 300 | _a407 ; . | ||
| 365 | _a3.00 | ||
| 504 | _a | ||
| 942 | _cBK | ||
| 999 |
_c6462 _d6462 |
||